| 000 | 00543nam a22001817a 4500 | ||
|---|---|---|---|
| 003 | DO-SdBNP | ||
| 005 | 20171124124825.0 | ||
| 008 | 171124b mx1983u||||| |||| 00| 0 spa d | ||
| 040 |
_aBPMSU _bspa _cBPMSU |
||
| 100 | _aAlvarenga, Beatriz | ||
| 245 | 1 |
_aFísica general : _bcon experimentos sencillos |
|
| 250 | _a3a.ed. revisada y actualizada | ||
| 260 |
_aMéxico, D.F. : _bHarla, _c1981 |
||
| 300 |
_axiv, 976p.; _bil. ; _c23 cm. |
||
| 700 | _aRibeiro da Luz, Antônio Máximo | ||
| 942 |
_2ddc _cBK |
||
| 945 | _aInventariado, 2017/MFF | ||
| 999 |
_c13091 _d13091 |
||